000 00790cam a22002771 4500
999 _c9709
_d9709
001 9709
003 BD-JhCC
005 20180322173832.0
008 180322s1968 nyua b 000 0 eng
035 _a(BD-JhCC)9709
040 _aDLC
_cDLC
_dDLC
_dBD-JhCC
041 1 _aengger
050 0 0 _aN5970
_b.H5713
082 0 0 _a709/.4
_bHOF 1968
100 1 _aHofstätter, Hans Hellmut,
_d1928-
240 1 0 _aSpätes Mittelalter.
245 1 0 _aArt of the late Middle Ages /
_cby Hans H. Hofstätter.
260 _aNew York :
_bH. N. Abrams,
_c1968.
300 _a264 p.
_billus. (part col.)
_c23 cm.
490 0 _aPanorama of world art
500 _aTranslation of Spätes Mittelalter.
504 _aBibliography: p. 253.
650 0 _aArt, Medieval.
942 _2ddc
_cBK